| 000 | 01507nam0a22002891 4500 | ||
|---|---|---|---|
| 001 | rc\690292 | ||
| 005 | 20250621212921.0 | ||
| 035 | _a(NLR Aleph) 005927014 | ||
| 090 |
_a6537919 _c6537918 |
||
| 100 | _a20031121d1985 |||y0rusy50 ca | ||
| 101 | 0 | _arus | |
| 102 | _aRU | ||
| 105 | _ay ||||||||| | ||
| 200 | 1 | _aСовершенствование профориентационной работы на предприятиях и в объединениях Минлесбумпрома СССР | |
| 210 |
_aМ. _cВНИПИЭИлеспром _d1985 |
||
| 215 |
_a40 с. _d21 |
||
| 225 | 1 |
_aЭкономика и управление в лесной, целлюлозно-бумажной и деревообрабатывающей промышленности _eОбзор. информ. _fВсесоюз. н.-и. и проект. ин-т экономики, орг. упр. пр-вом и информ. по лесн., целлюлоз.-бум. и деревообрабатывающей пром-сти _vВып. 3 |
|
| 300 | _aАвт. указаны на 2 с. обл. | ||
| 300 | _aВ надзаг. также: М-во лесн., целлюлоз.-бум. и деревообрабатывающей пром-сти СССР | ||
| 320 | _aБиблиогр.: с. 40 | ||
| 700 | 1 |
_aДьяченко _bН.Н. _gНиколай Николаевич |
|
| 701 | 1 |
_aИгутов _bВ.Е. |
|
| 801 | 0 |
_aRU _bNLR _gpsbo |
|
| 801 | 1 |
_aRU _bELAR _2rusmarc |
|
| 852 |
_aNLR _jП22/4752 |
||
| 942 | _cBOOK | ||
| 980 | _aNB | ||